Industrias culturales y economía creativa en Latinoamérica : desarrollo económico y social en la región /

Bibliographic Details
Other Authors: Hernández Acosta, Javier (Editor), Redondo Méndez, Andrea Carolina (Editor), Ospina Martínez, Oswaldo (Editor)
Format: Electronic eBook
Language:Spanish
Published: Bogotá : Editorial Uniagustiniana, 2018.
Series:Colección Ciencias económicas y administrativas (Editorial Uniagustiniana)
Subjects:
Online Access:Digitalia Hispánica

MARC

LEADER 00000nam a2200000Ii 4500
001 DIGUAGANA0003
003 NyNyDIG
006 m o d
007 cr |||||||||||
008 250303s2018 ck a ob 000 0 spa d
035 |a (OCoLC)1229560219 
040 |a DGITA  |b eng  |e rda  |e pn  |c DGITA 
020 |a 9789585498143  |q (digital) 
020 |z 9789585498136  |q (impreso) 
041 0 |a spa  |b spa  |b eng 
043 |a cl----- 
050 1 4 |a HD3616.L29 ebook 
245 0 0 |a Industrias culturales y economía creativa en Latinoamérica :  |b desarrollo económico y social en la región /  |c Javier Hernández Acosta, Andrea Carolina Redondo Méndez, Oswaldo Ospina Martínez (editores). 
246 1 |i English title on cover:  |a Cultural industries and creative economy in Latin America :  |b economic and social development in the region 
264 1 |a Bogotá :  |b Editorial Uniagustiniana,  |c 2018. 
300 |a 1 online resource :  |b illustrations. 
336 |a text  |b txt  |2 rdacontent 
337 |a computer  |b c  |2 rdamedia 
338 |a online resource  |b cr  |2 rdacarrier 
347 |a text file  |2 rdaft 
347 |b PDF 
490 1 |a Colección Ciencias económicas y administrativas 
504 |a Includes bibliographical references. 
546 |a Text in Spanish with abstract in Spanish and English in each chapter. 
588 0 |a Online resource; title from PDF title page (Digitalia, viewed March 3, 2025) 
650 0 |a Cultural industries  |z Latin America. 
650 0 |a Creative ability in business  |z Latin America. 
650 0 |a Economic development  |z Latin America. 
700 1 |a Hernández Acosta, Javier,  |e editor. 
700 1 |a Redondo Méndez, Andrea Carolina,  |e editor. 
700 1 |a Ospina Martínez, Oswaldo,  |e editor. 
776 0 8 |i Print version:  |t Industrias culturales y economía creativa en Latinoamérica.  |d Bogotá : Editorial Uniagustiniana, 2018  |z 9789585498136 
791 2 |a Digitalia (Firm),  |e distributor. 
793 0 |g Digitalia eBook Collection:  |a Editorial Uniagustiniana 
830 0 |a Colección Ciencias económicas y administrativas (Editorial Uniagustiniana) 
856 4 0 |3 Digitalia Hispánica  |u https://www.digitaliapublishing.com/a/162792/ 
910 |a Premium collection: 2025